One of Two: March Madness Quiz Stats

 Plays Quiz Updated Apr 4, 2016

Challenge
Share
Tweet
Embed
Score 0/30 Timer 10:00
0 Plays Today
Can you name... Answer % Correct
One of the two schools that Rick Pitino has coached to a championship?Louisville and Kentucky
94.5%
One of the two teams since 1980 to win back-to-back championships?Duke and Florida
79.5%
One of the two teams to win a championship in each of the last three decades?Duke and Connecticut
77.7%
One of the two schools to have an active streak of 20 or more tournament appearances?Kansas and Duke
77.3%
One of the two Big Ten schools to have lost back-to-back championship games?Ohio State and Michigan
77.2%
One of the two North Carolina coaches with more than 60 tournament wins?Dean Smith and Roy Williams
76.3%
One of the two players to be named tournament MVP who later won an NBA MVP for the Lakers?Lew Alcindor and Earvin Johnson
73.5%
One of the two coaches with a dozen Final Four appearances?John Wooden and Mike Krzyzewski
72.4%
One of the two UCLA players to be named Final Four Outstanding Player in back-to-back years?Lew Alcindor and Bill Walton
71.7%
One of the two states to have seven schools make the same tournament?California and Texas
65%
One of the two teams to win a championship game by more than 20 points?UCLA and UNLV
62.8%
One of the two teams that Bob Huggins coached to a Final Four appearance?Cincinnati and West Virginia
58.1%
One of the two Missouri Valley Conference schools to earn a #1 seed?Indiana St. and Wichita St.
51.5%
One of the two schools to have a championship game appearance vacated by the NCAA since 1980?Memphis and Michigan
51.5%
One of the two schools other than UCLA to win a tournament between 1964 and 1975?Texas Western and NC State
46%
Can you name... Answer % Correct
One of the two teams to lose in the 2013 semi-finals?Syracuse and Wichita State
44.4%
One of the two teams that combined for 181 points in the 1964 championship game?Duke and UCLA
42.1%
One of the two teams that combined for 264 points in a 1990 tournament game?Loyola Marymount and Michigan
37.5%
One of the two players to score more than 350 points in tournament history?Elvin Hayes and Christian Laettner
35.9%
One of the two schools to win a championship game in OT since 1990?Arizona and Kansas
35.7%
One of the two players named 'Jerry' to win a tournament MVP award in the 1960s?Jerry Lucas and Jerry Chambers
30.5%
One of the two teams to lose the championship game by one point in OT?Kansas and Seton Hall
24.6%
One of the two schools that has made more than 25 tournament appearances without reaching the Final Four?Xavier and BYU
20.1%
One of the two players to score more than 56 points in a tournament game?Austin Carr and Bill Bradley
15.9%
One of the two players since 1970 to be Final Four Outstanding Player on a non-championship team?Howard Porter and Akeem Olajuwon
10.7%
One of the two players to get a triple-double in a regional final game?Andre Miller and Dwyane Wade
7%
One of the two 14 seeds to have reached the Sweet 16?Chattanooga and Cleveland State
5.6%
One of the two teams that combined for just 46 points in a 1941 tournament game?Pittsburgh and North Carolina
3.5%
One of the two schools involved in the 4OT game in the 1956 tournament?Canisius and N.C. State
1.8%
One of the two schools to enter the tournament undefeated only to lose in the 1st or 2nd round?Columbia and St. Bonaventure
0.8%

You're not logged in!

Compare scores with friends on all Sporcle quizzes.
Join for Free
OR
Log In

You Might Also Like...

Show Comments

Extras

Top Quizzes Today


Score Distribution

Your Account Isn't Verified!

In order to create a playlist on Sporcle, you need to verify the email address you used during registration. Go to your Sporcle Settings to finish the process.

Report this User

Report this user for behavior that violates our Community Guidelines.

Details: